| 000 | 01022nam a22002537a 4500 | ||
|---|---|---|---|
| 005 | 20240530110944.0 | ||
| 008 | 200912s2021 ua a f b 000 0dara d | ||
| 017 |
_a2020/15445 _bمصر. دار الكتب |
||
| 020 | _a9789778125399 | ||
| 040 |
_aEG-CaGPL _cEG-CaGPL |
||
| 082 | 0 | 4 |
_221 _a307.76\ _bإ م |
| 100 | 0 | _aايهاب خليفة | |
| 245 | 1 | 2 |
_aالمدن الذكية : _bالخصائص والنماذج والفرص والتحديات : دراسة نظرية مع التطبيق على حالة سنغافورة / _cايهاب خليفة |
| 250 | _aط.1 | ||
| 260 |
_aالقاهرة : _bالمكتب العربى للمعارف، _c2021 |
||
| 300 |
_a225 ص. ؛ _c24 سم. |
||
| 504 | _aيشتمل على ارجاعات ببليوجرافية | ||
| 650 | 0 | 7 |
_aالمدن الذكية _2qrmak |
| 650 | 0 | 7 |
_aالمدن الذكية _zسنغافورة |
| 650 | 0 | 7 | _aالادارة الذكية |
| 650 | 0 | 7 | _aالانترنت |
| 942 |
_2ddc _cBK |
||
| 999 |
_c66876 _d66876 |
||